000 00732nam a22002295i 4500
001 176353
003 ES-MaACL
005 20250727033933.0
008 110111s1982 sp |||| | spa d
020 _a84-277-0530-1
080 _a329.15
100 0 _aMartinet, Gilles.
_977705
245 1 4 _aLos cinco comunismos /
_cGilles Martinet ; [traducción: Ángeles Ruiz].
260 _aMadrid :
_bNarcea,
_cD. L. 1982.
300 _a319 p. ;
_c18 cm.
490 1 _aBitácora. Biblioteca del estudiante ;
_v80
650 0 7 _aComunismo
_2embne
_911211
700 1 _aRuiz, Ángeles.
_9144653
830 0 _aBitácora. Biblioteca del estudiante ;
_v80
_9181903
852 _aES-MaACL
_jE-13997
_xOlim P-1892
999 _c176353
_d176353